Detalles MARC
| 000 -LEADER |
| campo de control de longitud fija |
01360nam a2200277 4500 |
| 005 - FECHA Y HORA DE LA ÚLTIMA TRANSACCIÓN |
| campo de control |
20240201170127.0 |
| 008 - DATOS DE LONGITUD FIJA--INFORMACIÓN GENERAL |
| campo de control de longitud fija |
231114b ag ||||| |||| 00| 0 spa d |
| 040 ## - FUENTE DE CATALOGACIÓN |
| Centro/agencia transcriptor |
AR-BaBMM |
| 041 ## - CÓDIGO DE IDIOMA |
| Código de lengua original |
spa |
| 110 ## - ENTRADA PRINCIPAL--NOMBRE DE ENTIDAD CORPORATIVA |
| 9 (RLIN) |
6670 |
| Nombre de entidad corporativa o nombre de jurisdicción como elemento de entrada |
Asociación Escuela Argentina de Psicoterapia para Graduados (AEAPG) |
| 245 ## - MENCIÓN DEL TÍTULO |
| Título |
Adolescencias en pandemia. Intimidad y exogamia |
| 260 ## - PUBLICACIÓN, DISTRIBUCIÓN, ETC. |
| Lugar de publicación, distribución, etc. |
Buenos Aires: |
| Nombre del editor, distribuidor, etc. |
AEAPG, |
| Fecha de publicación, distribución, etc. |
2020. |
| 300 ## - DESCRIPCIÓN FÍSICA |
| Extensión |
1:51:00 |
| 490 ## - MENCIÓN DE SERIE |
| Mención de serie |
Miércoles en la Escuela |
| 505 ## - NOTA DE CONTENIDO CON FORMATO |
| Nota de contenido con formato |
Ciclo Científico - Miércoles en la Escuela<br/>Miércoles 14 de octubre de 2020 – 11 a 13 hs. (hora de Argentina) <br/>Conferencia ONLINE <br/><br/>CICLO CIENTÍFICO<br/>“INTERROGANTES CLÍNICOS. CONJETURAS DIAGNÓSTICAS”<br/><br/>Mesa:<br/>Adolescencias en pandemia. Intimidad y exogamia<br/><br/>“En ese mundo que se tambalea en pleno trastorno, lo íntimo,<br/>a su vez como respuesta, trastorna y hace tambalear”<br/>François Jullien<br/><br/>Panelistas:<br/>Lic. Valeria Mian<br/>Dr. José Sahovaler<br/><br/>Coordina:<br/>Lic. Julieta Buchbinder<br/> |
| 521 ## - NOTA DE PÚBLICO DESTINATARIO |
| Nota de público destinatario |
Ciclo científico |
| 650 #0 - PUNTO DE ACCESO ADICIONAL DE MATERIA--TÉRMINO DE MATERIA |
| 9 (RLIN) |
2181 |
| Término de materia o nombre geográfico como elemento de entrada |
ADOLESCENCIA |
| 650 #0 - PUNTO DE ACCESO ADICIONAL DE MATERIA--TÉRMINO DE MATERIA |
| 9 (RLIN) |
6933 |
| Término de materia o nombre geográfico como elemento de entrada |
PANDEMIA |
| 650 #0 - PUNTO DE ACCESO ADICIONAL DE MATERIA--TÉRMINO DE MATERIA |
| 9 (RLIN) |
2585 |
| Término de materia o nombre geográfico como elemento de entrada |
EXOGAMIA |
| 650 #0 - PUNTO DE ACCESO ADICIONAL DE MATERIA--TÉRMINO DE MATERIA |
| 9 (RLIN) |
6980 |
| Término de materia o nombre geográfico como elemento de entrada |
INTIMIDAD |
| 700 ## - ENTRADA AGREGADA--NOMBRE PERSONAL |
| 9 (RLIN) |
6981 |
| Nombre de persona |
Buchbinder, Julieta |
| Término indicativo de función/relación |
Coordinadora |
| 700 ## - ENTRADA AGREGADA--NOMBRE PERSONAL |
| 9 (RLIN) |
5891 |
| Nombre de persona |
Mian, Valeria |
| Término indicativo de función/relación |
Panelista |
| 700 ## - ENTRADA AGREGADA--NOMBRE PERSONAL |
| 9 (RLIN) |
6499 |
| Nombre de persona |
Sahovaler, José |
| Término indicativo de función/relación |
Panelista |
| 856 ## - LOCALIZACIÓN Y ACCESO ELECTRÓNICOS |
| Identificador Uniforme de Recursos |
<a href="https://youtu.be/Mr5xTPn3yt4 ">https://youtu.be/Mr5xTPn3yt4 </a> |
| 942 ## - ELEMENTOS DE ENTRADA SECUNDARIOS (KOHA) |
| Fuente del sistema de clasificación o colocación |
Otra/Esquema de Clasificación Genérico |
| Suprimir en OPAC |
No |
| Tipo de ítem Koha |
Artículo |